| 000 | 00861nam a2200253 a 4500 | ||
|---|---|---|---|
| 001 | 000046971 | ||
| 003 | OSt | ||
| 005 | 20240412074305.0 | ||
| 008 | 180410s2018 dr a r 000 0 spa d | ||
| 020 | _a9789945197648 | ||
| 040 |
_aDO-SdBNP _bspa _cBNPHU |
||
| 082 |
_aRD863.4408 _bC965a |
||
| 245 | 0 | 0 |
_aCuentos de los abuelos : _bantología / _cselección Andrés Blanco Díaz. |
| 260 |
_aSanto Domingo : _bSantillana; _bloqueleo, _c2018. |
||
| 300 |
_a220 p. : _bil. ; _c22 cm. |
||
| 500 | _aIncluye datos biográficos del compilador en la solapa de la cubierta | ||
| 590 | _aInventariado, 2020/BT | ||
| 650 | 4 |
_aCuentos dominicanos _xColecciones _9503 |
|
| 650 | 0 |
_aLiteratura dominicana. _967 |
|
| 650 | 4 |
_aAutores dominicanos _91890 |
|
| 700 | 1 |
_aBlanco Díaz, Andrés _d1954- _esel. _9172 |
|
| 910 | _aValidado. Control de calidad MFF | ||
| 942 |
_2ddc _cLF1 |
||
| 999 |
_c46459 _d46459 |
||